000 00215 a2200097 4500
001 10137
100 _aSarton, G
245 _aAncient science and modern civilization
260 _a
_bArnold
_c
090 _c7881
_d7881
942 _aNUST-CAE
_cM
_c34579
999 _c245210
_d245210